MARC

LEADER 00000nam0a2200000 4500
001 55861
005 20231031052855.0
035 |a (RuTPU)RU\TPU\book\58631 
090 |a 55861 
100 |a 20030923d1981 m y0rusy50 ca 
101 0 |a rus 
102 |a RU 
105 |a a j 001zy 
200 1 |a Геофизические методы разведки и исследования скважин  |f В. В. Знаменский, М. С. Жданов, Л. П. Петров 
210 |a Москва  |c Недра  |d 1981 
215 |a 320 с.  |c ил. 
320 |a Библиогр.: с. 316. 
451 1 |0 (RuTPU)RU\TPU\book\49258  |y 5-247-01557-6  |t Геофизические методы разведки и исследования скважин  |o учебник  |f В. В. Знаменский, М. С. Жданов, Л. В. Петров  |e 2-е изд., перераб. и доп.  |c Москва  |n Недра  |d 1991  |p 304 с.  |s Среднетехническое образование  |a Знаменский, Владимир Вячеславович 
610 1 |a геофизика 
610 1 |a разведка 
610 1 |a исследование 
610 1 |a скважины 
610 1 |a каротаж 
610 1 |a сейсморазведка 
610 1 |a гравиразведка 
610 1 |a магниторазведка 
610 1 |a электроразведка 
610 1 |a учебники 
675 |a 550.83(075.32)  |v 3 
700 1 |a Знаменский  |b В. В.  |g Владимир Вячеславович 
701 1 |a Жданов  |b М. С.  |g Михаил Семенович 
701 1 |a Петров  |b Л. П.  |g Лев Петрович 
801 1 |a RU  |b 63413507  |c 20030923  |g PSBO 
801 2 |a RU  |b 63413507  |c 20160408  |g PSBO 
900 |a Геофизические исследования скважин 
942 |c BK 
954 |a 511000  |b 011200